<?xml version="1.0" encoding="UTF-8"?>
<record
    xmlns:xsi="http://www.w3.org/2001/XMLSchema-instance"
    xsi:schemaLocation="http://www.loc.gov/MARC21/slim http://www.loc.gov/standards/marcxml/schema/MARC21slim.xsd"
    xmlns="http://www.loc.gov/MARC21/slim">

  <leader>00390nam a2200133Ia 4500</leader>
  <controlfield tag="008">230411s9999    xx            000 0 und d</controlfield>
  <datafield tag="041" ind1=" " ind2=" ">
    <subfield code="a">eng</subfield>
  </datafield>
  <datafield tag="082" ind1=" " ind2=" ">
    <subfield code="a">MS/610.73677/CHI/B06693</subfield>
  </datafield>
  <datafield tag="100" ind1=" " ind2=" ">
    <subfield code="a">Chintamani</subfield>
  </datafield>
  <datafield tag="245" ind1=" " ind2=" ">
    <subfield code="a">Lewis Medical Surgical Nursing : Assessment and management of clinical problems</subfield>
  </datafield>
  <datafield tag="260" ind1=" " ind2=" ">
    <subfield code="b">Elsevier</subfield>
    <subfield code="a">New Delhi</subfield>
    <subfield code="c">2011</subfield>
  </datafield>
  <datafield tag="300" ind1=" " ind2=" ">
    <subfield code="a">1834p</subfield>
  </datafield>
  <datafield tag="999" ind1=" " ind2=" ">
    <subfield code="c">157059</subfield>
    <subfield code="d">157059</subfield>
  </datafield>
  <datafield tag="952" ind1=" " ind2=" ">
    <subfield code="0">0</subfield>
    <subfield code="1">0</subfield>
    <subfield code="4">0</subfield>
    <subfield code="7">0</subfield>
    <subfield code="8">MS</subfield>
    <subfield code="a">BTIN</subfield>
    <subfield code="b">BTIN</subfield>
    <subfield code="d">2011-04-30</subfield>
    <subfield code="e">B.J.Medical Co-oprative College Stores</subfield>
    <subfield code="g">1095.00</subfield>
    <subfield code="i">5188</subfield>
    <subfield code="l">0</subfield>
    <subfield code="o">MS 610.73677 CHI B06693</subfield>
    <subfield code="p">BTIN-BK-6693</subfield>
    <subfield code="r">2023-04-11 00:00:00</subfield>
    <subfield code="v">766.00</subfield>
    <subfield code="w">2012-09-05</subfield>
    <subfield code="y">BK</subfield>
    <subfield code="z">B06693</subfield>
  </datafield>
</record>
